Опытное исследование товарных восьмиколесных паровозов компаунд нормального типа, произведенное в 1898-1900 гг. на Харьково-Николаевской ж. д.

Detaylı Bibliyografya
Yazar: Ломоносов Ю.
Özet:Нумерация стр. текста и приложений раздельная
На пер. авт. и загл. не указаны
Текст в русской дореформенной орфографии
Dil:Rusça
Baskı/Yayın Bilgisi: Киев, Типография С. В. Кульженко, [1905]
Konular:
Materyal Türü: MixedMaterials Kitap
KOHA link:https://koha.lib.tpu.ru/cgi-bin/koha/opac-detail.pl?biblionumber=305164

MARC

LEADER 00000nam0a2200000 4500
001 305164
005 20231102001756.0
035 |a (RuTPU)RU\TPU\book\330430 
090 |a 305164 
100 |a 20150924d1905 km y0rusy50 ca 
101 0 |a rus 
102 |a UA 
105 |a a z 001zy 
200 1 |a Опытное исследование товарных восьмиколесных паровозов компаунд нормального типа, произведенное в 1898-1900 гг. на Харьково-Николаевской ж. д.  |f Ю. Ломоносов 
210 |a Киев  |c Типография С. В. Кульженко  |c издание автора  |d [1905] 
215 |a XII, 380, [17], 23, 63, 76 с.  |c ил. 
300 |a Нумерация стр. текста и приложений раздельная 
300 |a На пер. авт. и загл. не указаны 
300 |a Текст в русской дореформенной орфографии 
316 |5 63413507: М-133824  |a Владельческий знак 
317 |5 63413507: М-133824  |a Поступила в НТБ в 1970 г. в составе книжного собрания профессора ТПИ И. Н. Бутакова 
320 |a Приложения I-IV 
320 |a Постраничные примечания 
606 1 |a Паровозостроение  |2 stltpush  |3 (RuTPU)RU\TPU\subj\48168  |9 67045 
610 1 |a паровозы 
610 1 |a опытное исследование 
610 1 |a усовершенствование 
610 1 |a владельческие знаки 
610 1 |a библиотека И. Н. Бутакова 
675 |a 629.422  |v 4 
700 1 |a Ломоносов  |b Ю. 
801 1 |a RU  |b 63413507  |c 20150924 
801 2 |a RU  |b 63413507  |c 20190925  |g RCR 
942 |c BK